| 000 | 00907am a2200253a 44500 | ||
|---|---|---|---|
| 003 | AR-BaBNM | ||
| 005 | 20251128210824.0 | ||
| 008 | 011101s1999 #AR|||||||||||000 | esp|| | ||
| 020 | _a950-550-256-7 | ||
| 040 | _cAR-BaBNM | ||
| 110 | 2 | _aGrupo Educación y Vida | |
| 245 | 1 | 0 |
_aEstá escrito... ¡pero está mal! [en química] _berrores elementales de química que se observan con frecuencia |
| 260 |
_aBuenos Aires _bMagisterio Rio de la Plata _c1999 |
||
| 300 |
_a112 p. _bil., tablas |
||
| 490 | 0 | _aRespuestas educativas. Las ciencias naturales en la EGB | |
| 500 | _aContiene referencias bibliográficas, glosario e índice alfabético | ||
| 650 | 4 | _aENSEÑANZA DE LA QUIMICA | |
| 650 | 4 | _aCONCEPTOS CIENTIFICOS | |
| 650 | 4 | _aERRORES | |
| 653 | _aENSEÑANZA DE LAS CIENCIAS NATURALES | ||
| 653 | _aCONOCIMIENTO CIENTIFICO | ||
| 800 | 1 |
_aStarico de Accomo, Mabel N. _edirector |
|
| 942 | _cBK | ||
| 999 |
_c17070 _d17070 |
||